Reliez les paroles des chansons de Diam's à son titre - Statistiques

Statistiques générales
  • Ce quiz a été pris 617 fois
  • Le résultat moyen est 7 sur 15
Statistiques - réponses
Hint Réponse % Correct
"Mel', assieds-toi faut que je te parle, j'ai passé ma journée dans l'noir" Confessions nocturnes
99%
"Y a comme un goût de haine quand je marche dans ma ville, y a comme un goût de gène quand je parle de ma vie" La Boulette
87%
"Donc si t'as les critères, babe, laisse-moi ton e-mail" Jeune demoiselle
78%
"Laisse-moi kiffer la vibe avec mon mec, j'ai pas de temps à perdre dans des prises de tête" DJ
75%
"J'ai pas envie de grandir quand je vois le monde, nan, pas envie de mentir, on est mieux chez les mômes" Peter Pan
59%
"Dans le pays de Marianne, y'a l'amour, y'a la guerre, mais aussi le mariage" Marine
55%
"Tu lui as ouvert ton cœur plutôt que de t'ouvrir les veines, je sais, t'as vu en lui que ce que seule toi pouvais comprendre" Par Amour
44%
"Y'a des soirs comme ça où tout s'écroule, des soirs comme ça où j'éteins, j'éteins tout" Dans le noir
42%
"Je crois qu'on s'aimait trop même, putain si j'avais su, crois-moi je serais bien loin" Ma Souffrance
31%
""Elle vit en groupe, parle de bled et déteste les règles, elle sèche les cours, le plus souvent pour ne rien foutre" Ma France à moi
30%
"Ça commence par des regards, des promesses, des oui mais, de la romance tard le soir, des sms des emails" Coeur de Bombe
28%
"Il faut briser la glace, il ne faut pas s'voiler la face, défend ton nom et ta place, fonce" Incassables
26%
"À l'approche de la trentaine j'appréhende la cinquantaine mais seul dieu sait si je passerais la vingtaine" Si c'était le dernier
26%
"Je suis sortie de ma bulle, j'ai pris le temps de regarder le monde et d'observer la lune" Enfants du Désert
15%
"Les baskets trainent sur le bitume, on a du mal à dire je t'aime car on a pas l'habitude" Dans ma bulle
13%
Aucun quiz correspondant
Distribution des résultats
% des personnes avec chaque résultat
Percentile par nombre de réponses
Votre historique - résultats
Vous n’avez pas pris ce quiz